| 000 | 00795cam a22002533a 4500 | ||
|---|---|---|---|
| 001 | 4935 | ||
| 003 | PGUSA | ||
| 005 | 20140828083111.0 | ||
| 008 | 040101s2004||||xxu|||||s|||||000 | eng d | ||
| 040 |
_aPGUSA _beng |
||
| 042 | _adc | ||
| 050 | 4 | _aPC | |
| 100 | 1 |
_aLittré, Emile, _d1801-1881 |
|
| 245 | 1 | 0 |
_aPathologie Verbale, ou Lésions de certains mots dans le cours de l'usage _h[electronic resource] / _cEmile Littré |
| 260 |
_bProject Gutenberg, _c2004 |
||
| 506 | _aPublic domain in the USA. | ||
| 516 | _aElectronic text | ||
| 653 | _aFrench language -- Paronyms -- Dictionaries | ||
| 653 | _aFrench language -- Errors of usage | ||
| 653 | _aFrench language -- Etymology | ||
| 830 | 0 |
_aProject Gutenberg _v4935 |
|
| 856 | 4 | 0 | _uhttp://www.gutenberg.org/ebooks/4935 |
| 942 | _cEB | ||
| 999 |
_c234264 _d234264 |
||